Statystyki dla Największe miasta w Polsce - Ekstremalne

Kliknij tutaj aby rozwiązać quiz!

Ogólne statystyki

  • Ten quiz został rozwiązany 536 razy
  • Średni wynik to 105 z 200

Statystyki odpowiedzi

LudnośćMiasto% Poprawnych
1777972Warszawa
99%
771069Kraków
98%
685285Łódź
96%
640648Wrocław
96%
466631Gdańsk
95%
536438Poznań
95%
246309Gdynia
94%
402465Szczecin
94%
294510Katowice
93%
350178Bydgoszcz
92%
297459Białystok
91%
339682Lublin
91%
202074Toruń
90%
195774Kielce
88%
213029Radom
88%
222292Częstochowa
86%
128137Opole
86%
36046Sopot
86%
123921Gorzów Wielkopolski
85%
172362Olsztyn
85%
193883Rzeszów
85%
140297Zielona Góra
85%
202036Sosnowiec
82%
179806Gliwice
81%
120142Elbląg
80%
107321Koszalin
79%
120000Płock
79%
109062Tarnów
78%
173374Zabrze
78%
171259Bielsko-Biała
77%
46367Kołobrzeg
77%
69827Suwałki
77%
27191Zakopane
77%
166795Bytom
75%
99752Legnica
75%
83896Nowy Sącz
75%
25370Bielsk Podlaski
74%
100975Kalisz
74%
108434Chorzów
73%
61928Ełk
73%
110802Włocławek
73%
73114Inowrocław
72%
63813Zamość
72%
120259Dąbrowa Górnicza
71%
79480Jelenia Góra
71%
72581Lubin
71%
112594Wałbrzych
71%
62670Chełm
70%
73670Piotrków Trybunalski
70%
91007Słupsk
70%
72050Ostrów Wielkopolski
69%
74151Konin
68%
22545Ostrów Mazowiecka
68%
138696Rybnik
68%
95045Grudziądz
67%
127831Tychy
67%
73398Piła
66%
40910Świnoujście
66%
57352Biała Podlaska
65%
61784Pruszków
65%
61251Przemyśl
65%
77872Siedlce
64%
57432Bełchatów
63%
68479Gniezno
63%
46511Krosno
62%
63000Łomża
62%
33373Nowy Targ
62%
67938Stargard
62%
38570Malbork
61%
23644Sandomierz
60%
47047Tarnobrzeg
60%
61062Kędzierzyn-Koźle
59%
138000Ruda Śląska
59%
89128Jastrzębie-Zdrój
58%
63952Leszno
58%
44044Nysa
57%
49789Wejherowo
57%
23056Jawor
56%
60478Mielec
56%
62649Tomaszów Mazowiecki
56%
30242Augustów
55%
52262Ostrołęka
55%
69051Ostrowiec Świętokrzyski
54%
61182Stalowa Wola
54%
60279Tczew
54%
37577Sanok
53%
47776Starogard Gdański
53%
67615Głogów
52%
54066Legionowo
52%
47774Puławy
52%
48178Skierniewice
52%
62456Żory
52%
74586Mysłowice
51%
38300Oświęcim
51%
65283Pabianice
51%
46087Radomsko
51%
56529Zgierz
51%
39904Chojnice
50%
48119Piaseczno
50%
91563Jaworzno
49%
49031Rumia
49%
40114Szczecinek
49%
61361Tarnowskie Góry
49%
31388Żywiec
49%
56804Będzin
48%
34613Cieszyn
48%
33250Iława
48%
67154Siemianowice Śląskie
48%
45817Dębica
47%
50012Świętochłowice
47%
23395Wieliczka
47%
44172Kutno
46%
40799Mińsk Mazowiecki
46%
32996Ostróda
46%
55299Piekary Śląskie
46%
45358Skarżysko-Kamienna
46%
48965Starachowice
46%
44209Ciechanów
45%
29396Giżycko
45%
54882Racibórz
45%
42267Sieradz
45%
57310Świdnica
45%
49567Zawiercie
45%
30521Zgorzelec
45%
26954Kłodzko
44%
37682Żary
44%
23661Kluczbork
43%
38843Nowa Sól
43%
35930Brzeg
42%
35192Jasło
42%
31505Grodzisk Mazowiecki
41%
37690Jarosław
41%
35367Lębork
41%
28647Nowy Dwór Mazowiecki
41%
48143Wodzisław Śląski
41%
37138Wołomin
41%
44880Otwock
40%
32685Police
40%
39992Żyrardów
40%
28501Łowicz
39%
31234Mława
39%
29922Bochnia
38%
38935Bolesławiec
38%
32927Oława
38%
35608Olkusz
38%
39312Świdnik
38%
25812Żagań
38%
38481Kwidzyn
37%
37242Oleśnica
37%
40813Mikołów
36%
27109Turek
36%
36945Chrzanów
35%
22487Polkowice
35%
30878Pruszcz Gdański
35%
25810Reda
35%
30558Września
35%
25829Pszczyna
34%
22521Wieluń
34%
42094Zduńska Wola
34%
35919Czechowice-Dziedzice
33%
31762Myszków
33%
23312Środa Wielkopolska
33%
26256Jarocin
32%
34539Kraśnik
32%
33914Marki
31%
36462Sochaczew
31%
29714Śrem
31%
27366Kętrzyn
30%
25359Wałcz
30%
27597Gorlice
29%
23759Kościerzyna
29%
23818Lubliniec
29%
22163Płońsk
29%
23343Szczytno
29%
28774Brodnica
27%
31677Czeladź
27%
33344Dzierżoniów
27%
36706Ząbki
27%
22166Zambrów
27%
25831Świecie
26%
23609Bartoszyce
25%
28969Krotoszyn
25%
30025Łuków
25%
26391Biłgoraj
24%
30433Swarzędz
24%
26890Wyszków
24%
38402Knurów
23%
22403Goleniów
22%
31783Luboń
21%
24339Białogard
20%
23923Kościan
19%
22657Piastów
18%
24362Skawina
17%
25648Wągrowiec
17%
30055Bielawa
16%
28266Czerwionka-Leszczyny
15%
22246Nowa Ruda
13%
23706Kobyłka
12%
22334Łaziska Górne
12%
22830Świebodzice
8%

Rozkład punktacji

Percentyl według liczby udzielonych odpowiedzi

Procent ludzi z każdym wynikiem

Twoja historia wyników

Nie rozwiązałeś tego quizu